The Alliancing Code of Practice for Infrastructure Alliancing (Record no. 115646)
[ view plain ]
| 000 -LEADER | |
|---|---|
| fixed length control field | 01529cam a2200289 4500 |
| 001 - CONTROL NUMBER | |
| control field | L159049 |
| 008 - FIXED-LENGTH DATA ELEMENTS--GENERAL INFORMATION | |
| fixed length control field | 010829n2015 000 0 eng u |
| 035 ## - SYSTEM CONTROL NUMBER | |
| System control number | (Sirsi) u159049 |
| 041 ## - LANGUAGE CODE | |
| Language code of text/sound track or separate title | eng |
| 050 ## - LIBRARY OF CONGRESS CALL NUMBER | |
| Classification number | 692.8 |
| -- | 18 |
| 110 2# - MAIN ENTRY--CORPORATE NAME | |
| Corporate name or jurisdiction name as entry element | Institute of Civil Engineers |
| 9 (RLIN) | 5948 |
| 245 #4 - TITLE STATEMENT | |
| Title | The Alliancing Code of Practice for Infrastructure Alliancing |
| Medium | [electronic resource] |
| 260 ## - PUBLICATION, DISTRIBUTION, ETC. | |
| Name of publisher, distributor, etc. | ICE |
| Date of publication, distribution, etc. | 2015 |
| 520 ## - SUMMARY, ETC. | |
| Summary, etc. | Aims to help infrastructure companies collaborate more effectively and avoid disputes when working on projects together. The web page explains how to create, deliver and sustain a successful alliance that benefits clients, suppliers and end users of assets. It includes using an interactive grid matrix, case studies and a self-assessment tool. It also gives advice about avoiding common pitfalls that can result in costly lawsuits. It also enables infrastructure clients and companies to share experiences and develop their own guidance and best practice materials. |
| 590 ## - LOCAL NOTE (RLIN) | |
| Local note | KA |
| 650 ## - SUBJECT ADDED ENTRY--TOPICAL TERM | |
| Topical term or geographic name entry element | PARTNERING |
| 650 ## - SUBJECT ADDED ENTRY--TOPICAL TERM | |
| Topical term or geographic name entry element | ALLIANCING |
| 650 ## - SUBJECT ADDED ENTRY--TOPICAL TERM | |
| Topical term or geographic name entry element | BUILT ENVIRONMENT-BUILDING CONTRACT FORMS |
| 650 ## - SUBJECT ADDED ENTRY--TOPICAL TERM | |
| Topical term or geographic name entry element | CONSTRUCTION PROJECTS |
| 650 ## - SUBJECT ADDED ENTRY--TOPICAL TERM | |
| Topical term or geographic name entry element | CONSTRUCTION INDUSTRY |
| 651 #4 - SUBJECT ADDED ENTRY--GEOGRAPHIC NAME | |
| Geographic name | United Kingdom |
| 690 ## - LOCAL SUBJECT ADDED ENTRY--TOPICAL TERM (OCLC, RLIN) | |
| Topical term or geographic name as entry element | Procurement |
| 9 (RLIN) | 6260 |
| 690 ## - LOCAL SUBJECT ADDED ENTRY--TOPICAL TERM (OCLC, RLIN) | |
| Topical term or geographic name as entry element | Infrastructure |
| 9 (RLIN) | 6246 |
| 710 ## - ADDED ENTRY--CORPORATE NAME | |
| Corporate name or jurisdiction name as entry element | The Infrastructure Client Group |
| 9 (RLIN) | 6172 |
| 856 40 - ELECTRONIC LOCATION AND ACCESS | |
| Uniform Resource Identifier | <a href="https://www.ice.org.uk/disciplines-and-resources/best-practice/alliancing-code-of-practice-grid-infrastructure/">https://www.ice.org.uk/disciplines-and-resources/best-practice/alliancing-code-of-practice-grid-infrastructure/</a> |
| Public note | View the item free of charge at www.ice.org.uk... |
| 942 ## - ADDED ENTRY ELEMENTS (KOHA) | |
| Suppress in OPAC | 0 |
| Withdrawn status | Lost status | Source of classification or shelving scheme | Damaged status | Not for loan | Home library | Current library | Shelving location | Date acquired | Total Checkouts | Full call number | Barcode | Date last seen | Copy number | Price effective from | Koha item type |
|---|---|---|---|---|---|---|---|---|---|---|---|---|---|---|---|
| Dewey Decimal Classification | Virtual | Virtual | Online | 17/12/2015 | WEBSITE | 159049-2001 | 06/08/2019 | 1 | 06/08/2019 | Online material |